000 00339 a2200145 4500
003 Nust
005 20230331100253.0
040 _cNust
082 _a813.5,BAR
100 _aBarrington, E
_9111639
245 _aAnne Boleyn /
_cE Barrington
260 _aLondon,
_bCassell and Co,
_c1932
300 _a376:p
942 _2ddc
_cBK
_k813.5,BAR
999 _c186760
_d186760